00629nam a2200181Ia 4500008004100000082001100041100001800052245004000070250000800110260002500118300001400143500002400157650001200181942000700193952012700200952010300327999001700430230524s9999 xx 000 0 und d a4bROU aSusant K.Rout 0aCimple (Let's see how Simple C is?) a1ST aNEW DELHIbMGHc2007 aXXIII;441 aQuantity Number: 2 aComp-Sc cBK 00104070aTATCLbTATCLcGENd2023-05-24l1o004 ROUp14462q2014-11-19r2024-01-25s2024-01-25w2023-05-24yBKzBENP2105 00104070aTATCLbTATCLcGENd2023-05-24l0o004 ROUp14463r2023-05-24w2023-05-24yBKzBENP2105 c35899d35899